| 000 | 00692nam a2200205 a 4500 | ||
|---|---|---|---|
| 001 | 88 | ||
| 003 | CDMR | ||
| 005 | 20131113130025.0 | ||
| 008 | 130130s2002||||||||||||||||||||||||||||d | ||
| 040 |
_aCDMR _bcat _cCDMR |
||
| 245 | 0 | 2 |
_aA situación laboral dos xornalistas galegos _cdir. Miguel Túñez |
| 260 |
_aSantiago _c2002 _bColexio Profesional de Xornalistas de Galicia |
||
| 300 |
_a150 p. _c28 cm |
||
| 650 | 0 | 4 |
_92767 _aPeriodistes _xSituació legal, lleis, etc _zGalícia |
| 650 | 0 | 4 |
_93492 _aRelacions laborals |
| 650 | 0 | 4 |
_94341 _aMercat de treball _zEspanya _zGalícia |
| 700 | 1 |
_986 _aTuñez, Miguel _edir. |
|
| 710 | 2 |
_94343 _aColexio Profesional de Xornalistas de Galicia |
|
| 942 |
_cMON _2udc |
||
| 999 |
_c88 _d88 |
||